000 00319 a2200157 4500
001 186917
020 _a
040 _cMagnum
100 _aAyala, Walmir
240 1 0 _aA lenda do bem-te-vi
_lpor
245 1 0 _aA lenda do bem-te-vi
300 _a4
362 0 _a1994
697 _aLITERATURA INFANTO
942 _cBK
999 _c186917
_d186917